Wszystkie Piosenki Juice WRLD - Statystyki

Ogólne statystyki
  • Ten quiz został rozwiązany 326 razy
    86 od ostatniego zresetowania
  • Średni wynik to 55 z 150
Statystyki odpowiedzi
Album Odpowiedź % Poprawnych
Lucid Dreams
94%
All Girls Are The Same
90%
Robbery
74%
Fine China
70%
Lean Wit Me
70%
Wasted
70%
Let Me Know
68%
Death Race For Love Empty
66%
Come & Go
64%
Legends
64%
Bandit
62%
Hurt Me
62%
Sticks & Stones
62%
Candles
58%
Righteous
58%
Used To
58%
Black & White
56%
Fighting Demons Burn
56%
Conversations
56%
Fast
56%
Wishing Well
56%
Armed And Dangerous
54%
End Of The Road
54%
734
52%
Titanic
52%
I'll Be Fine
50%
I'm Still
50%
Goodbye & Good Riddance Intro
50%
The Party Never Ends The Party Never Ends
50%
Already Dead
48%
9 9 9 EP Moonlight
48%
Party By Myself
48%
Rich And Blind
48%
Hear Me Calling
46%
Long Gone
46%
Maze
46%
Stay High
46%
Bad Energy
44%
Blood On My Jeans
44%
Cigarettes
44%
Empty Out Your Pockets
44%
Fighting Demons
44%
Juice WRLD Speaks
44%
Lace It
44%
The Pre-Party World Tour (Aquafina)
44%
Flaws And Sins
42%
Karma - Skit
42%
Legends Never Die (5 Year Anniversary Edition) The Way
42%
Adore You
40%
Can't Die
40%
Cavalier
40%
From My Window
40%
KTM Drip
40%
Make Believe
40%
Ring Ring
40%
Man Of The Year
38%
Misfit
38%
ON GOD
38%
Rider
38%
Scared Of Love
38%
10 Feet
36%
Barbarian
36%
Betrayal - Skit
36%
Condone It
36%
Feeling
36%
Go Hard
36%
Goodbye
36%
I Want It
36%
Jeffrey
36%
WRLD ON DR*GS (w Future) Jet Lag
36%
Smile
36%
Celebrate
34%
Eminem Speaks
34%
HeMotions
34%
Realer N Realer
34%
She's The One
34%
The Bees Knees
34%
Won't Let Go
34%
All Life Long
32%
Best Friend
32%
Big
32%
Cuffed
32%
Desire
32%
Doom
32%
Feel Alone
32%
Go Hard 2.0
32%
Hate The Other Side
32%
In My Head
32%
Oxycodone
32%
Sometimes
32%
Up Up & Away
32%
Who Shot Cupid?
32%
7 AM Freestyle
30%
Both Ways
30%
Feline
30%
Floor It
30%
Hide
30%
Out My Way
30%
Screw Juice
30%
Syphilis
30%
The Light
30%
Bad Boy
28%
Demonz - Interlude
28%
Love Letter
28%
Goodbye & Good Riddance (Anniversary Edition) No Good
28%
Not Enough
28%
Spend It
28%
Wandered To LA
28%
Legends Never Die Anxiety - Intro
26%
Juice WRLD Speaks 2
26%
Life's A Mess
26%
Relocate
26%
Tell Me U Luv Me
26%
WRLD On Drugs
26%
You Wouldn't Understand
26%
Face 2 Face
24%
Girl Of My Dreams
24%
Rockstar In His Prime
24%
Until The Plug Comes Back Around
24%
Juice WRLD Speaks From Heaven - Outro
22%
Lightyears
22%
My Life In A Nutshell
22%
Bye Bye (with Marshmello)
20%
Glo'd Up
20%
Hard Work Pays Off
20%
No Issue
20%
AGATS2 (insecure)
18%
Astronauts
18%
Lucid Dreams Remix
18%
Singles Roses
18%
Shorty
18%
Get Through It - Interlude
16%
Graduation
16%
Real Shit
16%
Ain't Livin Right
14%
Different
14%
Doomsday
14%
Make It Back
14%
Rainbow
14%
Reminds Me Of You
14%
RUN!
14%
The Man, The Myth, The Legend - Interlude
14%
Red Bentley
12%
Lost Her
8%
Two Cups
8%
Eye Contact
6%
Arctic Tundra
4%
Until It's Over
4%
Life's A Mess II
2%
Nie znaleziono quizów pasujących do podanych kryteriów
Rozkład punktacji
Procent ludzi z każdym wynikiem
Percentyl według liczby udzielonych odpowiedzi
Twoja historia wyników
Nie rozwiązałeś tego quizu od ostatniego zresetowania